Friendship, Interiority and Mysticism (Record no. 14072)
[ view plain ]
| 000 -LEADER | |
|---|---|
| fixed length control field | 00642nam a2200241 a 4500 |
| 020 ## - INTERNATIONAL STANDARD BOOK NUMBER | |
| ISBN | 8125032215 |
| 082 00 - DEWEY DECIMAL CLASSIFICATION NUMBER | |
| Classification number | 291.172 |
| Author Cutter | VIS |
| 100 ## - MAIN ENTRY--AUTHOR NAME | |
| Author name | Visvanathan, Susan |
| 245 ## - TITLE STATEMENT | |
| Title | Friendship, Interiority and Mysticism |
| Sub title | Essays in Dialogue |
| 260 ## - PUBLICATION, DISTRIBUTION, ETC. (IMPRINT) | |
| Place of publication | New Delhi |
| Name of publisher | Orient Blackswan |
| Year of publication | 2007 |
| 300 ## - PHYSICAL DESCRIPTION | |
| Number of Pages | 253p |
| 500 ## - GENERAL NOTE | |
| General note | includes index and biblioraphy |
| 505 2# - FORMATTED CONTENTS NOTE | |
| Formatted contents note | biblio, index |
| 650 ## - SUBJECT ADDED ENTRY--TOPICAL TERM | |
| Topical Term | Interfaith Dialogue |
| 942 ## - ADDED ENTRY ELEMENTS (KOHA) | |
| Koha item type | Books |
| 700 1# - | |
| -- | Visvanathan, Susan |
| Collection code | Home library | Current library | Date acquired | Cost, normal purchase price | Full call number | Accession Number | Koha item type |
|---|---|---|---|---|---|---|---|
| Henry Martyn Institute Library | Henry Martyn Institute Library | 02/14/2008 | 595.00 | 291.172 VIS | 022262 | Books |
